Escola Tècnica d'Oficis d'Art : secció de vespres de l'E.S.B.O. secció de vespres de l'E.S.B.O.
Descripción Física:
4 p. ; 27 cm
MARC
| LEADER | 00000nam a2200000Ia 4500 | ||
|---|---|---|---|
| 001 | 21461 | ||
| 003 | BGR | ||
| 005 | 20260410113707.0 | ||
| 008 | 160829s1918 xx 000 0 cat d | ||
| 080 | |a RF-13-16 | ||
| 245 | |a Escola Tècnica d'Oficis d'Art : |b secció de vespres de l'E.S.B.O. | ||
| 260 | |a Barcelona : |b Diputació de Barcelona, |c 1918 | ||
| 300 | |a 4 p. ; |c 27 cm | ||
| 590 | |a Prové de 3274, exp. 1 | ||
| 650 | 0 | |a Art |x Ensenyament |x Barcelona (Catalunya) |9 47734 | |
| 650 | |a Escola Tècnica d'Oficis d'Art |9 47735 | ||
| 710 | 1 | |a Barcelona (Catalunya : Província). |b Diputació |9 52408 | |
| 710 | 1 | |a Escola Tècnica d'Oficis d'Art |9 70811 | |
| 710 | 1 | |a Escola Superior dels Bells Oficis |9 70812 | |
| 856 | 4 | |u https://media.diba.cat/diba/fitxers/arxiu/fulletons/bib_21461_1918_baixa.pdf |y Accés lliure | |
| 856 | 4 | |u https://media.diba.cat/diba/fitxers/arxiu/fulletons/bib_21461_1918_baixa.pdf |y Accés lliure | |
| 900 | |a bib_21461_1918_baixa.pdf | ||
| 901 | |a Arxiu | ||
| 942 | |n 1 |2 udc |c MON | ||
| 952 | |0 0 |1 0 |4 0 |6 RF1316 |7 1 |9 54068 |a Arxiu |b Arxiu |d 2016-12-01 |l 0 |o RF-13-16 |p 21461 |r 2016-12-01 00:00:00 |w 2016-12-01 |y ARXIU | ||
| 999 | |c 57936 |d 57936 | ||